| 000 | 00709nam a2200181 a 4500 | ||
|---|---|---|---|
| 001 | 000045767 | ||
| 005 | 20201002052431.0 | ||
| 008 | 150511s2015 dr abc 000 0 spa d | ||
| 040 |
_aDO-SdBNP _bspa _cBNPHU |
||
| 082 |
_axxxxx _bxxxxx |
||
| 100 | 1 |
_aGarcía Guzmán, Juan, _d1933- _973840 |
|
| 245 | 1 | 0 |
_aDe todo y para todos sin tergiversar la verdad / _cJuan García Guzmán ; revisado por Eurípidez Antonio García Vásquez (geógrafo). |
| 260 |
_aSanto Domingo : _bComputheN Todo Impreso, _c2015. |
||
| 300 |
_av. : _bil., mapas, retrs. ; _c27 cm. |
||
| 500 | _aLa biblioteca posee el v. I. | ||
| 500 | _aIncluye datos biográficos del autor | ||
| 700 | 1 | 2 |
_aGarcía Vásquez, Eurípidez Antonio, _erev. _973841 |
| 999 |
_c45256 _d45256 |
||